000
00321nam a2200133Ia 4500
008
150301s2015 xx 000 0 und d
082
_a
611
_b
H15S
100
_a
V.D SHARMA
245
_a
HUMAN ANATOMY
_
PHUSIOLOGY (P. NOTE BOOK )
260
_b
CBS- DELHI
300
_a
74
650
_a
PHARMACEUTICS
942
_2
ddc
_c
BK
_0
1
999
_c
7185
_d
7185